| 000 | 00425nam a2200181Ia 4500 | ||
|---|---|---|---|
| 008 | 170918s9999 xx 000 0 und d | ||
| 020 | _a9780553213737 | ||
| 050 | _bD314ro 1981 | ||
| 100 | _aDefoe, Daniel | ||
| 245 | _aRobinson Crusoe / | ||
| 245 | _cby Daniel Defoe. | ||
| 260 | _aNew York : | ||
| 260 | _bBantam Books, | ||
| 260 | _c1981 | ||
| 300 | _a287 pages : | ||
| 300 | _billustrations ; | ||
| 300 | _c17cm. | ||
| 999 |
_c343500 _d343500 |
||